000 00503cam a2200169 4500500
005 20260405002707.0
041 _afre
042 _adc
245 0 0 _aArchipel des passions
260 _c2018.
500 _a11
690 _aCharlotte Casiraghi
690 _aPassions
690 _aRobert Maggiori
786 0 _nPhilosophie magazine | 118 | 4 | 2018-04-01 | p. 61-61 | 1951-1787
856 4 1 _uhttps://shs.cairn.info/magazine-philosophie-magazine-2018-4-page-61?lang=fr&redirect-ssocas=7080
999 _c2060160
_d2060159